Statistics for Bring Me The Horizon - Drown Lyrics

Click here to take the quiz!

General Stats

  • This quiz has been taken 642 times
    (596 since last reset)
  • The average score is 10 of 12

Answer Stats

HintAnswer% Correct
What doesn't ____ you, makes you ____ you were deadKill Wish
97%
Save me ____ myself,From
89%
Don't ___ me _____Let Drown
89%
I'm not ____ and it's not alrightOkay
89%
And the weight of the _____ getting harder to hold upWorlds
87%
Dive in when i'm ____Down
83%
It comes in _____ , I _____ my eyesWaves Close
82%
Hold my breath and let it ____ __Bury Me
79%
Got a ____in my soul growing ______ and deeper, and i can't ____Hole Deeper Take
79%
One more moment of ____silence, the loneliness is ________ meThis Haunting
75%
___ ____ ___ __ ___?Who Will Fix Me Now
73%
Won't you _____ the lake and _____ me home againDrag Bring
59%

Score Distribution

Percentile by Number Answered

Percent of People with Each Score

Your Score History

You have not taken this quiz since the last reset